000 00617nam a22002297a 4500
003 UA-OsUOA
001 46507
007 ta
008 20070622b un ||||| |||| 00| 0 ukr d
100 _aИван Франко
090 _a821.161.2
_bИ18
942 _cBK
040 _aUA-OsUOA
_bukr
_cUA-OsUOA
_dUA-OsUOA
245 _aСтихотворения и поэмы
300 _a770 с.
955 _a2
041 _aukr
080 _a821.161.2
260 _aМ.
_bСоветский писатель
_c1960
650 7 _a82 Література. Літературознавство
_2UDC
999 _c332599
_d332599